000 00651nam a2200205 a 4500
001 000017640
005 20200929165159.0
008 100329s1992 dr a 000 0 spa d
040 _aDO-SdBNP
_bspa
_cBNPHU
082 _axxx
_bC744c
110 _aSociedad Cultural Alianza Cibaeña
_938454
245 1 0 _aConcurso literario de cuento, poesía y ensayo 1991.
260 _aSantiago de los Caballeros :
_bBANCREDITO,
_c1992.
300 _a184 p. :
_bil. ;
_c19 cm.
490 1 _aAlianza Cibaeña
_v3
504 _aIncluye bibliografía [p. 180]
710 2 _aBanco Nacional de Credito
_938455
830 0 _aAlianza cibaeña
_n3
_938456
049 _aBNPD
999 _c17165
_d17165